| 000 | 00622cam a2200205 4500500 | ||
|---|---|---|---|
| 005 | 20260329003403.0 | ||
| 041 | _afre | ||
| 042 | _adc | ||
| 100 | 1 | 0 |
_aPersonne, Thomas _eauthor |
| 245 | 0 | 0 | _aQu’est-ce que la philosophie antique ? |
| 260 | _c2015. | ||
| 500 | _a31 | ||
| 690 | _aExercices de pensée | ||
| 690 | _aGrèce | ||
| 690 | _aPhilosophie antique | ||
| 690 | _aPierre Hadot | ||
| 690 | _aStoïciens | ||
| 786 | 0 | _nPhilosophie magazine | 91 | 8 | 2015-07-01 | p. 52-52 | 1951-1787 | |
| 856 | 4 | 1 | _uhttps://shs.cairn.info/magazine-philosophie-magazine-2015-8-page-52?lang=fr&redirect-ssocas=7080 |
| 999 |
_c1824141 _d1824141 |
||